| 000 | 00506nam a2200157 a 4500 | ||
|---|---|---|---|
| 001 | 000040455 | ||
| 005 | 20201002034136.0 | ||
| 008 | 130826s2013 dr ac 000 0 spa d | ||
| 020 | _a9789945408799 | ||
| 040 |
_aDO-SdBNP _bspa _cBNPHU |
||
| 100 | 1 |
_aPaniagua, Edwin _912152 |
|
| 245 | 1 | 0 |
_aOrtografĂa para estudiantes / _cEdwin Paniagua. |
| 260 |
_aSanto Domingo : _bArgos, _c2013. |
||
| 300 |
_a253 p. : _bils., retrs. ; _c24 cm. |
||
| 500 | _aIncluye datos biográficos del autor en la solapa de la cubierta | ||
| 999 |
_c39945 _d39945 |
||